| 000 | 00867nam a22002057a 4500 | ||
|---|---|---|---|
| 999 |
_c15485 _d15485 |
||
| 003 | AR-CdUCM | ||
| 008 | 190427b ||||| |||| 00| 0 spa d | ||
| 040 |
_aMUNICIPALIDAD PROVINCIAL DEL CUSCO _cBIBLIOTECA MUNICIPAL DEL CUSCO |
||
| 082 |
_a982.05 / _bM66 / 1912 |
||
| 110 |
_aArchivo del General Mitre _934576 |
||
| 245 |
_aPlanificación y organización nacional : _bDespués de Pavon / |
||
| 260 |
_aBuenos Aires : _bBiblioteca de la nación, _c1912. |
||
| 300 |
_a26 tomos ; _c22 cm. |
||
| 505 | _aContenido : t.12 : Cartas de Don Juan E. Torrente sobre la revolución y pronunciamiento de corrientes -- Nueve cartas de D. Domingo F. Sarmiento -- Correspondencia con el gobierno de San Luis y otros documentos ... | ||
| 650 |
_aHistoria _9136 |
||
| 650 |
_aArchivo _914548 |
||
| 650 |
_aCorrientes _934577 |
||
| 942 |
_2ddc _cLIBROS |
||
| 945 |
_arah _d27/04/2019 |
||